[Event "5th Shamkir Chess 2018"]
[Site "Shamkir"]
[Date "2018.04.27"]
[Round "8"]
[White "Mamedyarov, Shakhriyar"]
[Black "Navara, David"]
[Result "1-0"]
[WhiteElo "2814"]
[BlackElo "2745"]
[Annotator "TA"]
[PlyCount "83"]
[EventDate "2018.??.??"]
[EventType "tourn"]
[EventCountry "AZE"]
[SourceTitle "playchess.com"]
[Source "ChessBase"]
[SourceQuality "1"]

{[%evp 17,83,-14,0,-7,6,-47,-50,-46,-31,-39,11,0,61,48,41,60,56,58,61,66,61,65,49,50,60,65,63,63,52,55,131,131,237,134,139,135,143,141,138,144,175,186,169,83,83,97,89,93,104,104,83,110,120,151,230,230,291,279,276,223,439,429,700,700,668,658,695,587]} 1. d4 Nf6 2. c4 g6 3. Nc3 d5 4. Nf3 Bg7 5. h4 dxc4 6. e4 {D90: Grünfeld: 4 Nf3 Bg7 sidelines} c5 7. d5 b5 8. h5 O-O 9. hxg6 fxg6 {LiveBook: 15 Games. Hoping for ...b4.} 10. d6 $146 ({Predecessor:} 10. Nxb5 Qa5+ 11. Nc3 Nxe4 12. Bd2 Nxc3 13. bxc3 Bxc3 14. Bxc4 {1-0 (35) Li,C (2732)-Xiong,J (2634) chess.com INT 2018}) 10... exd6 {[%cal Be7d6,Bd6d5,Bd5d4][%mdl 32]} 11. Nxb5 (11. a4 $11) 11... d5 $15 12. Nc3 {[%cal Rc3d5]} Re8 {aiming for ...Ba6.} 13. Be3 $1 d4 {White must now prevent ...Ba6.} 14. e5 Ba6 (14... Nc6 $11 15. Bxc4+ (15. exf6 Bxf6 16. Bxc4+ Kh8 $11) 15... Kh8 16. exf6 Bxf6) 15. Qa4 Qd7 16. Bxc4+ Bxc4 17. Qxc4+ Qe6 18. Qxe6+ ({But not} 18. Qxc5 $2 dxc3 19. exf6 cxb2 $19) 18... Rxe6 19. exf6 Bxf6 20. Nd5 Bd8 $1 21. O-O-O {Strongly threatening Bf4.} dxe3 22. Nxe3 Nc6 23. Rd7 $36 {[%mdl 2048] White is more active.} Be7 {[#]} (23... Re7 $14 24. Rhd1 Rc8) 24. Rxh7 $1 $16 Rb8 {[#]} (24... Rf8 $16) 25. Rc7 (25. Nd5 $1 $18 {[%cal Rd5e7]} Re8 26. Rhxe7 Nxe7 27. Nc7) 25... Bf6 26. Rb7 Nb4 27. Rxb8+ Kxh7 28. Rb7+ Kg8 29. Rxa7 Nd3+ 30. Kb1 (30. Kc2 $18 {has better winning chances.} Nxf2 31. Nd5) 30... Bxb2 31. a4 {[%cal Ba2a4,Ba4a5][%mdl 32]} Bd4 32. Kc2 Nb4+ 33. Kd2 Bxe3+ 34. fxe3 {[%mdl 4096] Endgame KRN-KRN} Nd5 35. a5 c4 (35... Nxe3 $16 36. Ng5 Re5) 36. Rd7 $18 Nf6 37. Rd8+ Kg7 {and the idea ...Ra6 leaves Black hopeful.} 38. Kc3 Rc6 $2 (38... Ra6 39. Kb4 (39. Kxc4 Rxa5 40. Kb3 Ra7 $14) 39... Rc6) 39. Ne5 {White is clearly winning.} Ne4+ (39... Rc7 $142 40. Rd4 g5 41. Nxc4 Nh7) 40. Kd4 c3 41. Kxe4 ({Not} 41. Nxc6 c2 $14) 41... Rc4+ 42. Kf3 {Precision: White = 75%, Black = 39%.} 1-0

[Event "5th Shamkir Chess 2018"]
[Site "Shamkir"]
[Date "2018.04.27"]
[Round "8"]
[White "Ding, Liren"]
[Black "Mamedov, Rauf"]
[Result "1-0"]
[WhiteElo "2778"]
[BlackElo "2704"]
[Annotator "TA"]
[PlyCount "83"]
[EventDate "2018.??.??"]
[EventType "tourn"]
[EventCountry "AZE"]
[SourceTitle "playchess.com"]
[Source "ChessBase"]
[SourceQuality "1"]

{[%evp 19,83,30,30,22,22,36,36,33,37,40,21,30,19,23,51,51,52,54,47,51,60,49,69,83,64,68,74,83,73,79,71,80,63,52,52,52,52,52,52,33,52,59,59,29,37,8,14,8,8,8,8,8,8,8,11,8,1274,1256,29978,29979,29979,29980,29980,29981,6226,278]} 1. d4 d5 2. c4 e6 3. Nf3 c5 4. cxd5 exd5 5. g3 Nc6 6. Bg2 Nf6 7. O-O Be7 8. Nc3 O-O 9. Bg5 c4 10. e3 {D34: Tarrasch Defence: 6 g3 Nf6 7 Bg2 Be7} (10. Ne5 Be6 11. Rc1 h6 12. Bxf6 Bxf6 13. f4 Ne7 14. e4 Bxe5 15. fxe5 Qd7 16. Qd2 Rac8 17. Rcd1 b5 18. a3 Rcd8 19. exd5 Bxd5 {½-½ (103) Kramnik,V (2769)-Giri,A (2768) London 2014}) 10... Be6 {LiveBook: 12 Games} 11. b3 cxb3 $146 ({Predecessor:} 11... Qa5 12. Qc2 h6 13. Bxf6 Bxf6 14. bxc4 dxc4 15. Rab1 Bf5 16. Ne4 Be7 17. Rxb7 Nb4 {1-0 (40) Relange,E (2478)-Pecot,L (2225) France 1999}) 12. Qxb3 {The position is equal.} Na5 13. Qb2 Ne4 14. Nxe4 dxe4 15. Bxe7 Qxe7 16. Nd2 $1 Nc4 17. Nxc4 Bxc4 18. Rfc1 Rac8 19. a4 g6 20. a5 Rc6 21. Bf1 b5 22. axb6 Rxb6 23. Qa3 Qxa3 24. Rxa3 Bxf1 25. Kxf1 $16 {[%mdl 4096] Endgame KRR-KRR} a6 26. Rc5 f5 27. h3 Rff6 28. Kg2 h5 29. Raa5 Kg7 30. Rc7+ Rf7 31. Rc8 h4 32. Re8 hxg3 33. Kxg3 Rb3 $1 34. Kg2 Rb2 35. Rxa6 {With the idea Ree6.} f4 $1 {[%cal Rf4e3]} 36. exf4 ({Don't play} 36. Rxe4 $6 fxe3 37. Rxe3 Rbxf2+ 38. Kg3 Rf1 $16) 36... Rxf4 37. Ra7+ Kh6 $2 {[%mdl 8192] [#]} (37... Kf6 $11) 38. Kg3 $1 $18 {[%cal Rg3f4]} Rf6 {[#]} 39. h4 $1 {[%cal Re8h8]} g5 40. Rh8+ Kg6 41. Rg8+ Kf5 42. Rxg5+ {Precision: White = 74%, Black = 51%.} 1-0

[Event "5th Shamkir Chess 2018"]
[Site "Shamkir"]
[Date "2018.04.27"]
[Round "8"]
[White "Giri, Anish"]
[Black "Carlsen, Magnus"]
[Result "0-1"]
[WhiteElo "2777"]
[BlackElo "2843"]
[Annotator "TA"]
[PlyCount "86"]
[EventDate "2018.??.??"]
[EventType "tourn"]
[EventCountry "AZE"]
[SourceTitle "playchess.com"]
[Source "ChessBase"]
[SourceQuality "1"]

{[%evp 21,86,7,16,0,27,27,24,0,12,10,4,3,25,0,-7,-27,-14,-16,-33,-29,-29,-66,-64,-53,-64,-47,-33,-32,-35,-87,-81,-111,-44,-72,-71,-133,-37,-60,-30,-30,0,0,0,-42,-39,-48,-57,-45,-43,-64,-55,-149,-164,-188,-64,-64,-50,-99,-99,-100,-88,-1232,-1223,-1182,-1129,-1079,-711]} 1. c4 e5 2. Nc3 Nf6 3. Nf3 Nc6 4. g3 d5 5. cxd5 Nxd5 6. Bg2 Nb6 7. O-O Be7 8. a3 a5 9. d3 O-O 10. Be3 Be6 11. Rc1 a4 {LiveBook: 6 Games. A29: English Opening: Four Knights Variation with 4 g3} 12. Nd2 f5 13. Bxb6 cxb6 {White has an edge.} 14. Nxa4 Bg5 $1 {[%cal Rg5d2] Strongly threatening ...Bxd2.} 15. Nc3 e4 {[#]} 16. Kh1 $146 ({Predecessor:} 16. Rb1 Ne5 17. Nb3 Ng4 18. Qc2 Be3 19. dxe4 {1-0 (36) Nepomniachtchi,I (2742)-Aronian,L (2809) Geneva 2017}) 16... Qd7 17. Rb1 Rad8 18. Nc4 Qf7 19. b3 exd3 20. exd3 f4 {And now ...f3 would win.} 21. Ne4 Be7 {...f3 is the strong threat.} 22. gxf4 Qxf4 23. a4 Nb4 {[%mdl 1024] Black has compensation.} 24. Qe2 Qh6 25. Rbd1 (25. d4 $15) 25... Nd5 $1 $17 26. Rg1 Kh8 (26... Rf4 $1 $17 {[%cal Rf4h4]} 27. f3 Rdf8) 27. Bf1 Rf4 28. Ne5 (28. f3 $142) 28... Rdf8 (28... Rh4 $17 {[%csl Gh6][%cal Rh4h2]} 29. f3 Ne3) 29. f3 $1 $15 Rh4 30. d4 Nf4 31. Qd2 Bxb3 32. Rb1 Bxa4 33. Bb5 Bxb5 $40 {[%mdl 128] Black mounts an attack.} 34. Rxb5 Qe6 35. Qb2 Bd8 36. Ng5 {[#]} (36. Ra1 $15) 36... Qe8 $1 $17 ({Much less strong is} 36... Bxg5 37. Rxg5 Rf6 38. Qd2 $15) 37. Rb3 {[#]} Bxg5 ({Better is} 37... Rf5 $1 $19 38. Ne4 Rfh5) 38. Rxg5 $15 Ne6 39. Rg4 Rxg4 40. fxg4 Qd8 41. Rh3 $2 {[%mdl 8192]} (41. Rf3 $17) 41... Qd5+ $19 {Black is clearly winning.} 42. Kg1 Qe4 43. Qb4 Rf6 {Precision: White = 33%, Black = 63%.} 0-1

[Event "5th Shamkir Chess 2018"]
[Site "Shamkir"]
[Date "2018.04.27"]
[Round "8"]
[White "Topalov, Veselin"]
[Black "Wojtaszek, Radoslaw"]
[Result "0-1"]
[WhiteElo "2749"]
[BlackElo "2744"]
[Annotator "TA"]
[PlyCount "70"]
[EventDate "2018.??.??"]
[EventType "tourn"]
[EventCountry "AZE"]
[SourceTitle "playchess.com"]
[Source "ChessBase"]
[SourceQuality "1"]

{[%evp 14,70,33,15,15,0,0,0,0,-7,0,0,0,0,14,0,0,-22,-8,-21,-17,-14,-19,-25,-17,-15,-32,-49,-41,-45,-40,-85,-87,-96,-95,-104,-137,-156,-121,-228,-188,-165,-158,-227,-215,-399,-385,-493,-504,-506,-510,-496,-498,-499,-480,-29978,-29979,-29993,-29994]} 1. e4 e5 2. Nf3 Nc6 3. Bb5 a6 4. Ba4 Nf6 5. O-O Bc5 6. c3 O-O 7. d4 Ba7 8. Re1 {LiveBook: 6 Games. C78: Ruy Lopez: Archangelsk and Möller Defences} (8. dxe5 Nxe4 9. Qd5 Nc5 10. Bc2 Ne7 11. Qd1 d5 12. exd6 Qxd6 13. Qxd6 cxd6 14. Bf4 Bf5 15. Na3 Bxc2 16. Nxc2 {½-½ (46) Grandelius,N (2646)-Gajewski,G (2588) Batumi 2018}) 8... b5 9. Bb3 d6 10. h3 {The position is equal.} Bb7 11. a4 $146 ({Predecessor:} 11. Bg5 h6 12. Bh4 Re8 13. dxe5 Nxe5 14. Nxe5 Rxe5 15. Nd2 Re8 {0-1 (55) Hou,Y (2509)-Stefanova,A (2483) Zafra 2007}) 11... Ne7 12. Bc2 Ng6 13. Na3 c6 14. Bd3 Re8 15. Nc2 h6 16. dxe5 dxe5 17. Be3 Bxe3 18. Nxe3 Nf4 19. Bc2 Qc7 20. Nf5 Rad8 $36 {[%mdl 2048] White is under pressure.} 21. Qc1 Bc8 22. Nh2 Bxf5 23. exf5 e4 {[%cal Be5e4,Be4d3][%mdl 32]} 24. axb5 axb5 25. Nf1 c5 26. b3 (26. Qe3 $17) 26... Nd3 $19 27. Bxd3 exd3 ({Don't play} 27... Rxd3 28. Qc2 $15) 28. Rxe8+ (28. c4 $17) 28... Rxe8 29. c4 $2 (29. Qd2 {was the only defense.} c4 30. bxc4 bxc4 31. Re1) 29... Re2 30. cxb5 Qe5 {[#] aiming for ...Qd4.} 31. Ra8+ Kh7 32. Qc4 Qxf5 33. f3 Rc2 34. Qxf7 {[#]} (34. Ne3 $19 Rxc4 35. Nxf5) 34... Qg5 {[%csl Gc2][%cal Rg5g2]} 35. g4 Qh4 {Precision: White = 36%, Black = 80%.} 0-1

[Event "5th Shamkir Chess 2018"]
[Site "Shamkir"]
[Date "2018.04.27"]
[Round "8"]
[White "Radjabov, Teimour"]
[Black "Karjakin, Sergey"]
[Result "1/2-1/2"]
[WhiteElo "2748"]
[BlackElo "2778"]
[Annotator "TA"]
[PlyCount "80"]
[EventDate "2018.??.??"]
[EventType "tourn"]
[EventCountry "AZE"]
[SourceTitle "playchess.com"]
[Source "ChessBase"]
[SourceQuality "1"]

{[%evp 28,80,25,11,15,8,18,8,15,12,17,16,20,0,12,0,0,14,21,17,21,7,7,7,7,7,4,8,7,7,7,7,7,7,12,12,15,6,8,0,6,0,0,0,0,0,8,8,8,8,8,0,0,0,8]} 1. d4 Nf6 2. c4 e6 3. Nf3 d5 4. Nc3 c6 5. e3 Nbd7 6. Bd3 dxc4 7. Bxc4 b5 8. Bd3 Bb7 9. O-O a6 10. e4 c5 11. d5 c4 12. Bc2 Qc7 13. dxe6 fxe6 14. Ne2 {D48: Semi-Slav: Meran System: 7...b5 8 Bd3 a6} Nc5 (14... Bd6 15. Ned4 Nc5 16. b4 cxb3 17. axb3 e5 18. Nf5 Ncxe4 19. Bxe4 Nxe4 20. Ng5 Bc5 21. Ne6 Qc6 22. Nxc5 Nxc5 {1-0 (33) Aronian,L (2777)-Anand,V (2797) Zuerich 2015}) 15. Bf4 {LiveBook: 3 Games} Qd7 {The position is equal.} 16. Qxd7+ Nfxd7 17. Ned4 Be7 18. b4 cxb3 19. axb3 {Hoping for b4.} b4 20. Rfe1 O-O 21. Bc7 g6 $146 ({Predecessor:} 21... Bd8) 22. Rad1 Rac8 23. Ba5 Rfe8 24. Re3 e5 25. Ne2 Nf6 {Strongly threatening ...Ng4.} 26. Bxb4 ({Don't play} 26. Nxe5 Ncxe4 27. Bxe4 Bxe4 $17) 26... Ncxe4 27. Bxe4 Nxe4 28. Bxe7 Rxe7 29. Ng3 Nxg3 30. hxg3 Bxf3 31. gxf3 $11 {[%mdl 4096] Endgame KRR-KRR} Rc5 32. b4 Rb5 33. Ra1 Re6 34. Rea3 Rxb4 35. Rxa6 Rxa6 36. Rxa6 {KR-KR} Rb5 37. Ra8+ Kg7 38. Ra7+ Kg8 39. Ra8+ Kg7 40. Ra7+ Kg8 {Precision: White = 58%, Black = 78%.} 1/2-1/2

[Event "5th Shamkir Chess 2018"]
[Site "Shamkir"]
[Date "2018.04.28"]
[Round "9"]
[White "Carlsen, Magnus"]
[Black "Ding, Liren"]
[Result "1/2-1/2"]
[WhiteElo "2843"]
[BlackElo "2778"]
[Annotator "TA"]
[PlyCount "53"]
[EventDate "2018.??.??"]
[EventType "tourn"]
[EventCountry "AZE"]
[SourceTitle "playchess.com"]
[Source "ChessBase"]
[SourceQuality "1"]

{[%evp 18,53,0,0,4,-10,-12,-3,0,0,0,0,0,0,0,0,0,0,0,0,0,0,0,0,7,3,8,5,7,0,0,0,9,0,0,0,10,0]} 1. e4 e5 2. Nf3 Nc6 3. Nc3 Nf6 4. Bb5 Nd4 5. Nxd4 exd4 6. e5 dxc3 7. exf6 Qxf6 8. Qe2+ Qe7 9. dxc3 Qxe2+ 10. Kxe2 {LiveBook: 34 Games. The position is equal.} Bc5 {C48: Four Knights: 4 Bb5, replies other than 4...Bb4} (10... a6 11. Bd3 d6 {½-½ (11) Sedlak,N (2547)-Indjic,A (2574) Mali Losinj 2017}) 11. Be3 (11. Kf3 {with more complications.} c6 12. Re1+ Be7 13. Bd3 d5 14. a4) 11... Bxe3 12. Kxe3 c6 13. Bd3 d5 14. Rae1 Ke7 $146 ({Predecessor:} 14... Be6 15. f4 O-O-O 16. Kd2 Rde8 17. Re5 Kc7 18. Rhe1 {½-½ (27) Cortlever,N-Szabo,L Zaandam 1946}) 15. c4 dxc4 16. Bxc4 Rd8 17. Rd1 Be6 18. Bxe6 Kxe6 19. Rhe1 Rxd1 20. Rxd1 $11 {[%mdl 4096] Endgame KR-KR} Re8 21. f4 f5 22. Kf3 Re7 23. Re1+ Kf6 24. Rd1 Ke6 25. Re1+ Kf6 26. Rd1 Ke6 27. Re1+ {Precision: White = 56%, Black = 80%.} 1/2-1/2

[Event "5th Shamkir Chess 2018"]
[Site "Shamkir"]
[Date "2018.04.28"]
[Round "9"]
[White "Karjakin, Sergey"]
[Black "Topalov, Veselin"]
[Result "*"]
[WhiteElo "2778"]
[BlackElo "2749"]
[Annotator "TA"]
[PlyCount "63"]
[EventDate "2018.??.??"]
[EventType "tourn"]
[EventCountry "AZE"]
[SourceTitle "playchess.com"]
[Source "ChessBase"]
[SourceQuality "1"]

{[%evp 11,63,16,24,13,16,18,21,18,14,16,70,61,56,57,70,59,75,27,89,83,92,69,150,145,131,112,110,115,110,103,129,110,115,111,110,71,73,72,61,69,71,74,73,56,62,63,109,117,116,107,129,129,136,122]} 1. e4 e5 2. Nf3 Nc6 3. Bc4 Bc5 4. d3 Nf6 5. Nc3 d6 6. Na4 Bb6 {LiveBook: 31 Games. C50: Hungarian Defence and Giuoco Pianissimo} 7. a3 O-O (7... h6 8. h3 O-O 9. O-O Be6 10. Re1 Bxc4 11. dxc4 Nd4 12. Nh4 Nd7 13. g3 Qf6 14. Nxb6 Nxb6 {1-0 (55) Artemiev,V (2691)-Mamedyarov,S (2799) Huaian 2017}) 8. O-O Ne7 {The position is equal.} 9. Nxb6 axb6 10. Bg5 $146 ({Predecessor:} 10. h3 Ng6 11. Be3 h6 12. Qd2 Kh7 13. Qc3 Nh5 14. d4 {0-1 (39) Parel,K-Lau,J (1785) England 2014}) 10... Be6 (10... Ng6 $11) 11. Bxf6 $14 gxf6 12. Nh4 d5 13. exd5 Nxd5 14. d4 c6 (14... Nc3 $11 {remains equal.} 15. bxc3 Bxc4) 15. Re1 $16 {[%cal Bf1e1,Be1e4,Be4f4,Bf4f6][%mdl 32]} b5 16. Bxd5 cxd5 ({Black should play} 16... Qxd5 $14 17. dxe5 fxe5) 17. Qh5 ({Don't take} 17. dxe5 $6 fxe5 18. Qh5 Ra4 $14) 17... e4 18. f3 b4 19. fxe4 dxe4 20. Rxe4 {Hoping for Rf1.} Ra5 21. Qh6 Qd5 22. Rf4 bxa3 23. bxa3 Qg5 24. Qxf6 Qxf6 25. Rxf6 Rc8 26. Rf2 b5 27. Rd2 b4 28. a4 b3 29. cxb3 Bxb3 30. Kf2 Rxa4 31. Rxa4 Bxa4 32. d5 {Precision: White = 62%, Black = 54%.} *

[Event "5th Shamkir Chess 2018"]
[Site "Shamkir"]
[Date "2018.04.28"]
[Round "9"]
[White "Karjakin, Sergey"]
[Black "Topalov, Veselin"]
[Result "1-0"]
[WhiteElo "2778"]
[BlackElo "2749"]
[Annotator "TA"]
[PlyCount "97"]
[EventDate "2018.??.??"]
[EventType "tourn"]
[EventCountry "AZE"]
[SourceTitle "playchess.com"]
[Source "ChessBase"]
[SourceQuality "1"]

{[%evp 11,97,16,19,13,14,13,12,11,7,0,61,54,59,62,62,66,70,43,79,79,94,82,127,143,142,112,115,105,116,109,127,102,104,102,94,68,68,68,68,68,77,82,85,72,66,70,75,66,72,70,67,62,58,57,75,72,65,8,91,75,99,66,85,85,90,83,128,134,135,138,165,158,191,181,258,257,280,279,280,279,279,208,291,284,560,519,1464,1420]} 1. e4 e5 2. Nf3 Nc6 3. Bc4 Bc5 4. d3 Nf6 5. Nc3 d6 6. Na4 Bb6 {LiveBook: 31 Games. C50: Hungarian Defence and Giuoco Pianissimo} 7. a3 O-O (7... h6 8. h3 O-O 9. O-O Be6 10. Re1 Bxc4 11. dxc4 Nd4 12. Nh4 Nd7 13. g3 Qf6 14. Nxb6 Nxb6 {1-0 (55) Artemiev,V (2691)-Mamedyarov,S (2799) Huaian 2017}) 8. O-O Ne7 {The position is equal.} 9. Nxb6 axb6 10. Bg5 $146 ({Predecessor:} 10. h3 Ng6 11. Be3 h6 12. Qd2 Kh7 13. Qc3 Nh5 14. d4 {0-1 (39) Parel,K-Lau,J (1785) England 2014}) 10... Be6 ({Black should play} 10... Ng6 $11) 11. Bxf6 $14 gxf6 12. Nh4 d5 13. exd5 Nxd5 14. d4 c6 15. Re1 {[%cal Bf1e1,Be1e4,Be4f4,Bf4f6][%mdl 32]} b5 16. Bxd5 cxd5 17. Qh5 ({Don't play} 17. dxe5 $6 fxe5 18. Qh5 Ra4 $14) 17... e4 18. f3 b4 19. fxe4 dxe4 20. Rxe4 {And now Rf1 would win.} Ra5 21. Qh6 Qd5 22. Rf4 bxa3 23. bxa3 Qg5 24. Qxf6 Qxf6 25. Rxf6 Rc8 26. Rf2 b5 27. Rd2 b4 28. a4 Bd7 29. Kf2 Rxa4 30. Rb1 Rc4 31. Rb2 Kf8 32. g3 Bh3 33. Nf3 f6 34. Ke3 ({White should try} 34. Ne1 $14) 34... Bg4 (34... Ra3+ $11 35. Kf2 Bf5) 35. Ne1 $16 Ke7 36. Ng2 Bh3 37. Nf4 $36 {[%mdl 2048] White is in control.} Be6 38. d5 {[%cal Bd4d5,Bd5d6][%mdl 32]} Bf5 39. d6+ Kd8 40. Nd5 Ra3+ 41. Kf2 Be4 {[#]} 42. Nb6 $1 {[%cal Rb6c4]} ({Don't blunder} 42. Rxb4 $2 Bxd5 43. Rb8+ Kd7 $19) 42... Rc5 (42... Rf3+ {was worth a try.} 43. Kg1 Rc6) 43. Rxb4 $18 Rh5 44. Ke1 ({Avoid the trap} 44. Rxe4 $2 Rxh2+ 45. Ke1 Ra1+ 46. Rd1 Rh1+ 47. Ke2 Raxd1 $19) 44... Bc6 45. Re2 Ra6 46. c4 Ra1+ 47. Kd2 Rf5 $2 {[#]} (47... Ra3 48. Kc2 Ra2+ 49. Rb2 Ra3) 48. Re7 Ra2+ (48... Rff1 $142 49. Nd5 Rfd1+ 50. Ke2 Re1+ 51. Kf2 Rf1+ 52. Ke3 Rfb1) 49. Kc3 {Precision: White = 67%, Black = 57%.} 1-0

[Event "5th Shamkir Chess 2018"]
[Site "Shamkir"]
[Date "2018.04.28"]
[Round "9"]
[White "Navara, David"]
[Black "Radjabov, Teimour"]
[Result "1/2-1/2"]
[WhiteElo "2745"]
[BlackElo "2748"]
[Annotator "TA"]
[PlyCount "45"]
[EventDate "2018.??.??"]
[EventType "tourn"]
[EventCountry "AZE"]
[SourceTitle "playchess.com"]
[Source "ChessBase"]
[SourceQuality "1"]

{[%evp 17,45,16,10,0,0,0,0,0,0,0,0,0,0,0,0,0,0,0,-3,-9,0,0,0,0,0,0,0,0,0,-5]} 1. e4 c5 2. Nf3 Nc6 3. Nc3 e5 4. Bc4 Be7 5. d3 Nf6 6. Ng5 O-O {B30: Sicilian: 2...Nc6 3 Bb5, lines without ...g6} 7. f4 (7. h4 Na5 8. f4 d6 9. f5 Nxc4 10. dxc4 h5 11. Nd5 Ng4 12. a4 Bd7 13. Ne3 Nf6 14. g4 {1-0 (30) Dubov,D (2660)-Gelfand,B (2725) Moscow 2016}) 7... exf4 8. Bxf4 d5 9. exd5 Nd4 {[#] LiveBook: 6 Games. And now ...b5! would win.The position is equal.} 10. Nge4 b5 $1 {White must now prevent ...Nxe4.} 11. d6 Nxe4 $1 12. dxe7 Qxe7 13. Nxe4 bxc4 14. O-O cxd3 15. cxd3 {[#] aiming for Bd6.} Rd8 $146 16. Qh5 Bf5 17. Rae1 {Strongly threatening Bg5.} Bg6 18. Qxc5 Qxc5 19. Nxc5 Rac8 20. Nb7 Rd7 21. Nc5 Rdd8 22. Nb7 Rd7 23. Nc5 1/2-1/2

[Event "5th Shamkir Chess 2018"]
[Site "Shamkir"]
[Date "2018.04.28"]
[Round "9"]
[White "Wojtaszek, Radoslaw"]
[Black "Giri, Anish"]
[Result "1/2-1/2"]
[WhiteElo "2744"]
[BlackElo "2777"]
[Annotator "TA"]
[PlyCount "64"]
[EventDate "2018.??.??"]
[EventType "tourn"]
[EventCountry "AZE"]
[SourceTitle "playchess.com"]
[Source "ChessBase"]
[SourceQuality "1"]

{[%evp 23,64,0,2,0,0,0,4,0,0,0,0,0,0,0,0,0,0,0,0,0,0,0,0,0,0,0,0,0,0,0,0,0,0,0,0,0,0,0,0,0,0,0,0]} 1. d4 d5 2. c4 e6 3. Nf3 Nf6 4. g3 Be7 5. Bg2 O-O 6. O-O dxc4 7. Qc2 a6 8. a4 Bd7 9. Bg5 {E05: Open Catalan: 5 Nf3 Be7} (9. Qxc4 Bc6 10. Bf4 Bd6 11. Bg5 Nbd7 12. Nc3 h6 13. Bc1 a5 14. b3 Qe7 15. Bb2 Rfd8 16. Rac1 Ba3 17. Bxa3 Qxa3 18. Nb5 Qe7 19. Qc2 Bxf3 20. Bxf3 {½-½ (31) Ding,L (2769)-Mamedyarov,S (2809) Berlin 2018}) 9... Bc6 10. Rd1 b5 11. Bxf6 Bxf6 12. Nc3 Qe8 {LiveBook: 3 Games. The position is equal.} 13. d5 $146 ({Predecessor:} 13. e4 b4 14. Nb1 b3 15. Qe2 Bxa4 16. Qxc4 Bb5 17. Qxb3 {½-½ (60) Prohaszka,P (2596)-Munkhgal,G (2445) Zalakaros 2017}) 13... exd5 14. Nd4 $1 Qe5 15. e4 $1 dxe4 16. axb5 axb5 17. Nxc6 Nxc6 18. Rxa8 $1 Rxa8 19. Qxe4 Qxe4 20. Bxe4 Ra6 {[#] Hoping for ...Nd4.} 21. Nxb5 Ne5 22. Nxc7 Ra2 23. Rb1 Nd7 24. Bc6 Nc5 25. Bd5 Rxb2 26. Rxb2 Bxb2 27. Bxc4 $11 {[%mdl 4096] Endgame KBN-KBN} Be5 28. Na6 Nxa6 29. Bxa6 Bd6 30. Bb5 Be5 31. Ba6 Bd6 32. Bb5 Be5 {Precision: White = 100%, Black = 89%.} 1/2-1/2

[Event "5th Shamkir Chess 2018"]
[Site "Shamkir"]
[Date "2018.04.28"]
[Round "9"]
[White "Mamedov, Rauf"]
[Black "Mamedyarov, Shakhriyar"]
[Result "1/2-1/2"]
[WhiteElo "2704"]
[BlackElo "2814"]
[Annotator "TA"]
[PlyCount "54"]
[EventDate "2018.??.??"]
[EventType "tourn"]
[EventCountry "AZE"]
[SourceTitle "playchess.com"]
[Source "ChessBase"]
[SourceQuality "1"]

{[%evp 25,54,15,11,13,13,7,15,16,16,16,16,14,17,17,20,19,22,17,17,20,22,19,26,18,18,0,27,0,19,0,40]} 1. e4 e5 2. Nf3 Nc6 3. Bb5 Nf6 4. O-O Nxe4 5. Re1 Nd6 6. Nxe5 Be7 7. Bf1 Nxe5 8. Rxe5 O-O 9. Nc3 {[%cal Bb1c3,Bc3d5,Bd5e3,Be3f5,Bf5e7][%mdl 32] C67: Ruy Lopez: Berlin Defence: 4 0-0 Nxe4} Ne8 10. Nd5 Bd6 11. Re1 c6 12. Ne3 Bc7 (12... Be7 13. c4 Nc7 14. d4 d5 15. cxd5 Bb4 16. Bd2 Bxd2 17. Qxd2 Nxd5 18. Nxd5 Qxd5 {½-½ (63) Vachier Lagrave,M (2793)-Aronian,L (2797) Caleta 2018}) 13. Nf5 d5 {LiveBook: 91 Games} 14. Ne7+ Kh8 {[#] Strongly threatening ...Be6.} 15. Nxc8 Rxc8 16. d3 Nf6 {[#]} 17. Qf3 $146 Qd7 18. g3 Ng4 19. d4 Rce8 20. Bd2 f5 21. Rxe8 Rxe8 22. Re1 Rxe1 23. Bxe1 Qe6 24. Qe2 Qd7 25. Qf3 Qe6 26. Qe2 Qd7 27. Qf3 Qe6 {Precision: White = 58%, Black = 89%.} 1/2-1/2